名前に植物が入る市町村 - Statistics

General Stats
  • This quiz has been taken 95 times
  • The average score is 62 of 81
Answer Stats
Hint Answer % Correct
愛媛県 松山市
96%
東京都 杉並区
95%
山口県 萩市
95%
島根県 松江市
94%
東京都 青梅市
94%
群馬県 桐生市
94%
大阪府 茨木市
94%
山梨県 山梨市
93%
大分県 竹田市
91%
千葉県 柏市
91%
橿 奈良県 橿原市
91%
大阪府 高槻市
91%
三重県 桑名市
91%
石川県 小松市
90%
長野県 松本市
89%
奈良県 桜井市
89%
香川県 高松市
88%
宮城県 松島町
88%
東京都 檜原村
88%
茨城県 茨城町
88%
新潟県 柏崎市
86%
茨城県 北茨城市
86%
三重県 松阪市
85%
千葉県 松戸市
85%
滋賀県 栗東市
85%
埼玉県 東松山市
84%
静岡県 藤枝市
84%
神奈川県 藤沢市
84%
宮城県 栗原市
84%
大阪府 柏原市
84%
茨城県 高萩市
84%
福島県 二本松市
83%
広島県 大竹市
83%
福島県 檜枝岐村
83%
兵庫県 丹波篠山市
83%
山口県 下松市
81%
宮城県 東松島市
81%
茨城県 桜川市
81%
福岡県 柳川市
81%
徳島県 小松島市
79%
群馬県 藤岡市
79%
山口県 柳井市
79%
大阪府 松原市
78%
大阪府 藤井寺市
78%
鳥取県 湯梨浜町
78%
福島県 会津若松市
76%
福島県 楢葉町
76%
宮崎県 椎葉村
76%
福岡県 桂川町
76%
静岡県 浜松市
75%
広島県 竹原市
75%
鳥取県 若桜町
75%
神奈川県 松田町
74%
北海道 栗山町
74%
埼玉県 杉戸町
74%
宮城県 柴田町
74%
長崎県 松浦市
73%
愛媛県 松前町
70%
北海道 松前町
70%
福岡県 篠栗町
70%
福岡県 篠栗町
70%
沖縄県 竹富町
69%
愛知県 扶桑町
68%
青森県 板柳町
66%
青森県 藤崎町
63%
山梨県 西桂町
63%
長野県 大桑村
63%
静岡県 松崎町
61%
北海道 新篠津村
61%
福島県 柳津町
59%
長野県 上松町
58%
福島県 桑折町
58%
長野県 松川町
54%
愛媛県 松野町
51%
長野県 松川村
51%
福岡県 小竹町
50%
秋田県 藤里町
50%
岐阜県 笠松町
46%
埼玉県 松伏町
45%
徳島県 松茂町
44%
北海道 黒松内町
43%
No matching quizzes found
Score Distribution
Percent of People with Each Score
Percentile by Number Answered
Your Score History
You have not taken this quiz